00571nam a2200145Ia 4500008004100000100002500041245005900066245008900125260004900214260000900263650001300272856004800285999001900333952007300352170221s9999 xx 000 0 und d aChris Neuenschwander aPredatory lending characteristics and mortgage default cChris Neuenschwander, Anderson University; Dennis Proffitt, Grand Canyon University. bJournal of Management and Marketing Research c2012 xBusiness uhttp://www.aabri.com/manuscripts/141812.pdf c309679d309679 001040aCLbCLd2017-02-21l0r2017-02-21 00:00:00w2017-02-21yFOJ